000
00301 a2200133 4500
003
Nust
005
20170207154319.0
040
_c
Nust
082
_a
621.382
245
_a
ANTENNA BASICS (E-Book)
_b
Christof Rohner
300
_a
76 p
650
_a
Telecommunications engineering - (E-BOOK)
651
_a
E-Book
942
_2
ddc
_c
BK
999
_c
196709
_d
196709